000 00600nam a22002537a 4500
001 21720
003 UA-OsUOA
005 20240208095242.0
007 ta
008 20031212b un ||||| |||| 00| 0 ukr d
020 _a9660300220
040 _aUA-OsUOA
_bukr
_cUA-OsUOA
_dUA-OsUOA
041 _aukr
044 _aUA
080 _a340.12
090 _a340.12
_bШ67
100 _aШкода В. В.
_91596
245 _aВступ до правової філософії
260 _aХарків
_bФоліо
_c1997
300 _a223 с.
650 7 _2UDC
942 _cBK
_2udc
955 _a0
999 _c307927
_d307927